| 000 | 00457nam a2200181Ia 4500 | ||
|---|---|---|---|
| 003 | GCL | ||
| 008 | 140319s9999 xx 000 0 eng d | ||
| 040 |
_aGCL / _cGCL |
||
| 082 | 0 | 4 |
_a709.022 _bG V |
| 100 | 1 | _aGRODECHI, LOUIS | |
| 245 | 1 | 0 |
_aLE VITRIAL GOTHIQUE AU XIII' SIECLE / _cGRODECHI, LOUIS |
| 260 |
_a[S.N] : _bOFFICE DU LIVRE ، _c1984 |
||
| 300 | _a279 p | ||
| 650 | 0 | 4 | _aARTS |
| 650 | 0 | 4 | _aPAINTING |
| 650 | 0 | 4 | _aART, GOTHIC |
| 942 |
_2ddc _cBK |
||
| 999 |
_c21023 _d21023 |
||